Discursos, saberes y prácticas de lenguaje en el aula. Análisis de cinco propuestas didácticas
Uloženo v:
| Hlavní autor: | |
|---|---|
| Médium: | Kniha |
| Jazyk: | Spanish |
| Vydáno: |
Bogotá (Colombia):
Kimpres, Asociación Red Pido la Palabra,
2015
|
| Edice: | Colección Experiencias
|
| Témata: | |
| On-line přístup: | Enlace del recurso |
| Tagy: |
Přidat tag
Žádné tagy, Buďte první, kdo vytvoří štítek k tomuto záznamu!
|
MARC
| LEADER | 00000nam a22000007a 4500 | ||
|---|---|---|---|
| 003 | OSt | ||
| 005 | 20170905173523.0 | ||
| 008 | 170905b2015 ck ||||| |||| 00| 0 spa d | ||
| 020 | |a 9789584661081 | ||
| 040 | |c CNA-IDEP | ||
| 082 | |a 378.17 |b T153 | ||
| 100 | |a Tamayo Osorio, Sofía |9 4285 | ||
| 245 | 1 | 0 | |a Discursos, saberes y prácticas de lenguaje en el aula. |b Análisis de cinco propuestas didácticas |c Sofía Tamayo Osorio, |
| 260 | |a Bogotá (Colombia): |b Kimpres, |b Asociación Red Pido la Palabra, |c 2015 | ||
| 300 | |a 200 p. |b Ilustraciones | ||
| 440 | |a Colección Experiencias |9 4286 | ||
| 504 | |a Incluye Bibliografía | ||
| 650 | |a Prácticas de Lenguaje |9 4287 | ||
| 650 | |a Proyectos de Lenguaje |9 4288 | ||
| 650 | |a Secuencias Didácticas |9 4289 | ||
| 650 | |a Escritura como Proceso |9 4290 | ||
| 650 | |a Lectura y Escritura como Práctica Social |9 4291 | ||
| 650 | |a Competencia discursiva |9 4292 | ||
| 650 | |a Discurso Oral |9 4293 | ||
| 942 | |2 ddc |c BK | ||
| 999 | |c 5417 |d 5417 | ||
| 856 | |u https://catalogo.idep.edu.co/cgi-bin/koha/opac-detail.pl?biblionumber=5417 |z Enlace del recurso | ||